Statistiques concernant Mercedes Benz - Classe O (Bus)

Cliquez ici pour prendre le quiz!

Statistiques générales

  • Ce quiz a été pris 37 fois
    (27 depuis la dernière actualisation)
  • Le résultat moyen est 9 sur 32

Statistiques - réponses

Réponse% Correct
Citaro
100%
e-Citaro
60%
Citaro G
55%
Intouro
55%
Tourismo
55%
e-Citaro G
50%
Citaro 2
35%
Citaro Facelift
35%
Citaro L
35%
Travego
35%
Citaro 2 G
30%
Citaro Capacity
30%
Integro
30%
Citaro LE
25%
Citaro Ü
25%
Cito
25%
Citaro 2 K
20%
Citaro Facelift G
20%
Citaro Facelift L
20%
Tourino
20%
Citaro 2 Capacity
15%
Citaro 2 Capacity L
15%
Citaro 2 LE Ü
15%
Citaro Facelift K
15%
Citaro Facelift Ü
15%
Citaro Facelift LE Ü
10%
Conecto G I
10%
Conecto I
10%
Conecto II
10%
Conecto III
10%
Conecto Ü I
10%
Conecto G II
5%

Distribution des résultats

Percentile par nombre de réponses

% des personnes avec chaque résultat

Votre développement - résultats

Vous n’avez pas pris ce quiz depuis la dernière actualisation